| 000 | 00474nam a2200169 a 4500 | ||
|---|---|---|---|
| 020 | _a9971690756 (pbk.) | ||
| 040 | _cDLC | ||
| 082 | 0 | 0 | _a589 SIN 1983 A034 Or. |
| 100 | 1 | _aTeo, Lee Wei. | |
| 245 | 1 | 0 | _aSeaweeds of Singapore / |
| 260 |
_aSingapore : _bSingapore University Press, National University of Singapore, _cc1983. |
||
| 300 |
_a123 p. : _bill., map ; _c23 cm. |
||
| 500 | _aIncludes index. | ||
| 650 | 0 | _aMarine algae | |
| 700 | 1 | _aWee, Yeow Chin. | |
| 942 | _cEK | ||
| 999 |
_c12357 _d12357 |
||